La ideología norteamericana sobre inversiones extranjeras

Na minha lista:
Detalhes bibliográficos
Autor principal: Casanova, Pablo González
Formato: Livro
Idioma:Undetermined
Publicado em: Mexico Escuela Nacional de Economía, Instituto de Investigaciones Económicas 1955
Assuntos:
Tags: Adicionar Tag
Sem tags, seja o primeiro a adicionar uma tag!
Thư viện lưu trữ: Trung tâm Học liệu Trường Đại học Cần Thơ
LEADER 00590nam a2200181Ia 4500
001 CTU_81314
008 210402s9999 xx 000 0 und d
082 |a 332.6 
082 |b G643 
100 |a Casanova, Pablo González 
245 0 |a La ideología norteamericana sobre inversiones extranjeras 
245 0 |c Pablo González Casanova 
260 |a Mexico 
260 |b Escuela Nacional de Economía, Instituto de Investigaciones Económicas 
260 |c 1955 
650 |a Investments, american 
904 |i Trọng Hải 
980 |a Trung tâm Học liệu Trường Đại học Cần Thơ